000 00935nam a2200217Ia 4500
999 _c38426
_d38426
001 4437
003 GE_BSU
005 20190517162627.0
008 181216s1974|||| |||||||||||||| ||geo||
040 _cGE_BSU
041 _ageo
080 _a536.24(075.8) გ–66
100 _aგომელაური, ვახტანგ.
_91325
245 _aსითბოს და მასის გადაცემის თეორიის საფუძვლები /
_cვახტანგ გომელაური ; რედ : ე. გრძელიძე.
264 _aთბილისი :
_bგანათლება,
_c1974.
300 _a400 გვ .:
_c 22 სმ.
653 _aსითბოს და მასის გადაცემის თეორია
653 _aფიზიკა
700 _aგრძელიძე, ე
_eრედაქტორი
_91326
942 _cBK
_2udc